Otnošenije naselenija k raznym formam chozjajstvovanija na zemle.

Názor respondentov na ohraničené vlastníctvo pôdy s dedičným právom, ale bez práva predaja (darovania). Vzťah k jednotlivým formám individuálneho užívania pôdy a k možným dôsledkom rozvoja individuálnych hospodárstiev.

Enregistré dans:
Détails bibliographiques
Auteur principal: Chachulina, L.
Format: Chapitre de livre
Langue:russe
Sujets:
Tags: Ajouter un tag
Pas de tags, Soyez le premier à ajouter un tag!

MARC

LEADER 00000naa a2200000 4500
001 r002241
005 20220819194435.0
041 0 |a rus 
044 |a [SU] 
245 1 0 |a Otnošenije naselenija k raznym formam chozjajstvovanija na zemle.  |c L. Chachulina 
520 |a Názor respondentov na ohraničené vlastníctvo pôdy s dedičným právom, ale bez práva predaja (darovania). Vzťah k jednotlivým formám individuálneho užívania pôdy a k možným dôsledkom rozvoja individuálnych hospodárstiev. 
610 2 0 |a vlastníctvo 
610 2 0 |a pôda 
610 2 0 |a obyvateľstvo 
610 2 0 |a ankety 
610 2 0 |a hospodárstvo roľnícke samostatné 
100 1 |a Chachulina, L.